| 000 | 00703nam a22002297a 4500 | ||
|---|---|---|---|
| 003 | KOHA_MİRAKIL | ||
| 005 | 20260428084313.0 | ||
| 008 | 260427b tu ||||| |||| 00| 0 tur d | ||
| 020 | _a 928.T11 T811.316 | ||
| 040 |
_aTR-AnABB _btur _cTR-AnABB |
||
| 041 | _atur | ||
| 082 |
_a816.3 _bKUR 1987 |
||
| 100 | 1 | _aKurdakul, Şükran | |
| 245 | 1 | 0 |
_aNazım'ın bilinmeyen mektupları : _bAdalet Limcoz'a Mektuplar 1945-1950 / _cŞükran Kurdakul |
| 250 | _a2. basım | ||
| 260 |
_aİstanbul : _bKent basımevi, _c1987 |
||
| 300 |
_a110 sayfa ; _c20 cm |
||
| 490 | 0 |
_aBroy yayınları ; _v15 |
|
| 650 | 0 | 4 | _aTürk edebiyatı, mektup |
| 900 | _bCan ÇELIK | ||
| 942 |
_2ddc _cBK |
||
| 999 |
_c10337 _d10337 |
||